000 00759nam a22003017a 4500
005 20251121125631.0
008 161003b2010 xxu||||| |||| 00| 0 spa d
020 _a9788427717145
041 _aESP
082 _a363.256.5 C417gp
100 _aCerro Jiménez, Sandra María
_924409
245 _aGrafología Pedagógica
260 _aEspaña
260 _bNarcea
260 _c2010
300 _a163 páginas
490 _aInvestigación Criminal
650 _aGRAFOLOGÍA
650 _aGRAFOLOGÍA PEDAGÓGICA
650 _aMORFOLOGÍA
650 _aTINTAS
650 _aVOCACIÓN
650 _aORIENTACIÓN VOCACIONAL
650 _aPERFILES VOCACIONALES
650 _aAUTOESTIMA
650 _aAUTOCONFIANZA
942 _cBK
_2ddc
999 _c8475
_d8475